|
|
|
|
| LEADER |
00000cas a2200000 a 4500 |
| 001 |
vtls008737006 |
| 003 |
SK-MaSNL |
| 005 |
20260228160529.0 |
| 008 |
150707d19891989xo uu p 0 b0slo |
| 035 |
|
|
|a POKPOH32159
|
| 040 |
|
|
|a POKPOH
|b slo
|c POKPOH
|d SNK
|e AACR2
|
| 041 |
0 |
|
|a slo
|a cze
|
| 043 |
|
|
|a e-xo---
|
| 044 |
|
|
|a xo
|c SK
|
| 072 |
|
7 |
|a 352/354
|x Stupne miestnej, oblastnej a ústrednej správy
|2 konspekt
|
| 080 |
|
|
|a 353.9
|2 2001
|
| 080 |
|
|
|a 050
|2 2001
|
| 245 |
0 |
0 |
|a Prešovská zmena
|b orgán Okresného koordinačného výboru a Občianskeho fóra v Prešove
|
| 260 |
|
|
|a Prešov
|b Koordinačný výbor VŠ a Verejnosti proti násiliu
|c 1989-1989
|
| 300 |
|
|
|a 1 zv.
|c 29 cm
|
| 310 |
|
|
|a Periodicita nie je známa
|
| 362 |
0 |
|
|a Roč. [1], č. 1 (1989)-roč. [1], č. 7 (1989)
|
| 500 |
|
|
|a Od č. 2/1989 podnázov: orgán koordinačného výboru VŠ a verejnosti proti násiliu
|
| 546 |
|
|
|a Čiast. text v češ.
|
| 650 |
0 |
7 |
|a územná samospráva
|2 SNKPH
|9 802
|
| 651 |
|
7 |
|a Prešov (Slovensko)
|2 SNKPH
|9 17347
|
| 655 |
|
7 |
|a časopisy politických strán a hnutí
|2 SNKPH
|9 237919
|
| 655 |
|
7 |
|a regionálne periodiká
|2 SNKPH
|9 131775
|
| 785 |
0 |
0 |
|t Premeny
|w vtls009181429
|
| 850 |
|
|
|a Prešov - Knižnica P. O. Hviezdoslava
|
| 910 |
|
|
|a pokpoh
|
| 910 |
|
|
|a snk
|
| 916 |
|
|
|a 1989
|
| 958 |
|
|
|a OND
|
| 999 |
|
|
|c 2889
|d 4819
|
| 952 |
|
|
|0 0
|1 0
|4 0
|7 0
|a SNK
|b SNK
|d 2015-06-15
|f 1
|i snkČSP 1677/91
|l 0
|o snkČSB 3970/[1]/1989
|p 17A1030172
|r 2026-02-21 19:45:28
|t č. 1-7
|w 2026-02-21
|y PREZ
|
| 952 |
|
|
|0 0
|1 0
|4 0
|7 0
|a SNK
|b SNK
|d 2018-07-02
|i snkČSP 1678/91
|l 0
|o snkČSB 3970/1989 D1
|p 17A1153747
|r 2026-02-21 22:13:21
|t č. 1-7
|w 2026-02-21
|y PREZ
|